书目信息 |
| 题名: |
政治理论课复习指南
|
|
| 作者: | 李和中 编著 | |
| 分册: | ||
| 出版信息: | 北京 工人出版社 1985 |
|
| 页数: | 340页 | |
| 开本: | 19cm | |
| 丛书名: | ||
| 单 册: | ||
| 中图分类: | D0 | |
| 科图分类: | ||
| 主题词: | 政治理论 | |
| 电子资源: | ||
| ISBN: | ||
| 000 | 00651nam0 2200241 45 | |
| 001 | 0185000251 | |
| 005 | 20050602083007.2 | |
| 010 | @dCNY1.95 | |
| 091 | @a3007.463 | |
| 100 | @a19900904d1985 em y0chiy0121 ea | |
| 101 | 0 | @achi |
| 102 | @aCN@b110000 | |
| 105 | @ay zq 000yy | |
| 200 | 10 | @a政治理论课复习指南@Azheng zhi li lun ke fu xi zhi nan@f李和中等编著@FLi He Zhong Deng Bian Zhu |
| 210 | @a北京@c工人出版社@d1985 | |
| 215 | @a340页@d19cm | |
| 300 | @a研究生入学考试 | |
| 606 | @a政治理论 | |
| 690 | @aD0@v3 | |
| 701 | 0 | @a李和中@4编著 |
| 801 | 0 | @aCN@b深圳图书馆@c20040505 |
| 801 | 2 | @aCN@bNLC@c20040505 |
| 905 | @dD0@e50@f1@b164095 | |
| 政治理论课复习指南/李和中等编著.-北京:工人出版社,1985 |
| 340页;19cm |
| 研究生入学考试 |
| ISBN :CNY1.95 |
| ● |
| 相关链接 |
|
|
|
|
正题名:政治理论课复习指南
索取号:D0/50
 
预约/预借
| 序号 | 登录号 | 条形码 | 馆藏地/架位号 | 状态 | 备注 |
| 1 | 0164094 | 001022100 | 第一借阅区/ [索取号:D0/50] | 在馆 | |
| 2 | 0164095 | 002044451 | 第一样本阅览室/ [索取号:D0/50] | 在馆 |